[Event "BCF-chT2a 1920 (4NCL)"]
[Site "Daventry"]
[Date "2020.03.01"]
[Round "2.34"]
[White "Hanley, James L"]
[Black "Duggan, John E"]
[Result "0-1"]
[WhiteElo "2161"]
[BlackElo "2139"]
[PlyCount "120"]
[EventDate "2020.01.11"]
[EventType "team-tourn"]
[EventRounds "11"]
[EventCountry "ENG"]
[SourceTitle "CBM 195 Extra"]
[Source "ChessBase"]
[SourceDate "2020.05.31"]
[SourceVersion "1"]
[SourceVersionDate "2020.05.31"]
[SourceQuality "1"]
[WhiteTeam "Warwicks Select"]
[BlackTeam "The ADS"]
[WhiteTeamCountry "ENG"]
[BlackTeamCountry "ENG"]

1. e4 e6 2. d4 d5 3. Nd2 a6 4. Ngf3 Nf6 5. e5 Nfd7 6. c3 c5 7. Be2 Nc6 8. b3 b5 9. a3 f6 10. exf6 Qxf6 11. Bb2 Bd6 12. c4 bxc4 13. bxc4 Nxd4 14. Nxd4 cxd4 15. cxd5 Nc5 16. dxe6 0-0 17. Nf3 Nxe6 18. Bxd4 Nxd4 19. Qxd4 Qe7 20. 0-0 Bc5 21. Bc4+ Kh8 22. Qe5 Bg4 23. Qxe7 Bxe7 24. Ne5 Bh5 25. Ra2 Bd6 26. Nd7 Rf4 27. Be6 Rd8 28. a4 Re4 29. Bf5 Rd4 30. Nb6 a5 31. Rc2 Bd1 32. Rc4 Rxc4 33. Nxc4 Bb4 34. Ne5 Rd2 35. Nc4 Rd4 36. Nb2 Bb3 37. Rc1 g6 38. Bc2 Bd2 39. Bxb3 Bxc1 40. Nd1 Rd3 41. Bc2 Rd2 42. Bb3 Ba3 43. Kf1 Bc5 44. Ke1 Bb4 45. Kf1 Kg7 46. h3 Kf6 47. Ne3 Bc5 48. Bg8 Bxe3 49. fxe3 h6 50. Kg1 Re2 51. Bc4 Rxe3 52. Kf2 Rc3 53. Bb5 Ke5 54. Be8 g5 55. g3 Kd4 56. h4 Kc5 57. Kg2 gxh4 58. gxh4 Kb4 59. h5 Re3 60. Bd7 Re5 0-1

[Event "BCF-chT2 1819 (4NCL) Demotion"]
[Site "England"]
[Date "2019.05.05"]
[Round "10.63"]
[White "Makkar, Rajat"]
[Black "Hanley, James L"]
[Result "1/2-1/2"]
[WhiteElo "2147"]
[BlackElo "2176"]
[PlyCount "138"]
[EventDate "2018.11.10"]
[EventType "team-tourn"]
[EventRounds "11"]
[EventCountry "ENG"]
[SourceTitle "EXT 2021"]
[Source "ChessBase"]
[SourceDate "2020.10.23"]
[SourceVersion "1"]
[SourceVersionDate "2020.10.23"]
[SourceQuality "1"]
[WhiteTeam "Grantham Sharks II"]
[BlackTeam "Warwicks Select"]
[WhiteTeamCountry "ENG"]
[BlackTeamCountry "ENG"]

1. d4 Nf6 2. c4 e6 3. g3 d5 4. Nf3 Bb4+ 5. Bd2 Be7 6. Bg2 Ne4 7. 0-0 Nxd2 8. Nbxd2 0-0 9. e4 dxc4 10. Nxc4 Nd7 11. Rc1 Nf6 12. Nfe5 a5 13. a4 Ra6 14. Qd2 Bb4 15. Qd3 Qe7 16. Rfd1 Rd8 17. Qc2 h6 18. Ne3 Ne8 19. f4 Bd6 20. N5c4 Bb4 21. Ne5 Bd6 22. N5c4 Bb4 23. e5 c6 24. Bf1 b5 25. axb5 cxb5 26. Nd2 Rb6 27. Ne4 Bb7 28. Bg2 Ba8 29. f5 exf5 30. Nxf5 Qa7 31. Nc5 Rbb8 32. Bxa8 Rxa8 33. Qe4 Rac8 34. Nd3 Bf8 35. Rxc8 Rxc8 36. Nxh6+ gxh6 37. Qg4+ Ng7 38. Qxc8 Qxd4+ 39. Nf2 Qxe5 40. Qc3 Qxc3 41. bxc3 Ne6 42. Rd5 Nc5 43. Nd3 Nxd3 44. Rxd3 b4 45. cxb4 axb4 46. Rd5 Bg7 47. Rb5 Bc3 48. Kg2 Kg7 49. Rb6 Bd2 50. Kf3 Be1 51. Kf4 Bd2+ 52. Kf5 Bc3 53. g4 Be1 54. Rb7 Bd2 55. h4 Be1 56. g5 hxg5 57. hxg5 Kf8 58. Kg4 Bc3 59. Kh5 Ke8 60. Kh6 Bd2 61. Kh5 Bc3 62. Rc7 Be5 63. Rc4 Bc3 64. Kh6 Bd2 65. Rd4 Bc3 66. Rd3 Ke7 67. Re3+ Kd6 68. Rf3 Ke6 69. Re3+ Be5 1/2-1/2

[Event "BCF-chT2a 1819 (4NCL)"]
[Site "England"]
[Date "2019.02.10"]
[Round "6.32"]
[White "Hanley, James L"]
[Black "Hand, Freddie"]
[Result "0-1"]
[WhiteElo "2199"]
[BlackElo "2154"]
[PlyCount "112"]
[EventDate "2018.11.10"]
[EventType "team-tourn"]
[EventRounds "11"]
[EventCountry "ENG"]
[SourceTitle "EXT 2021"]
[Source "ChessBase"]
[SourceDate "2020.10.23"]
[SourceVersion "1"]
[SourceVersionDate "2020.10.23"]
[SourceQuality "1"]
[WhiteTeam "Warwicks Select"]
[BlackTeam "KJCA Kings"]
[WhiteTeamCountry "ENG"]
[BlackTeamCountry "ENG"]

1. e4 e5 2. Nf3 Nc6 3. Bb5 a6 4. Ba4 Nf6 5. 0-0 Be7 6. Re1 b5 7. Bb3 d6 8. c3 0-0 9. h3 Nb8 10. d4 Nbd7 11. Nbd2 c5 12. Nf1 Re8 13. Ng3 Bf8 14. Ng5 c4 15. Bc2 Bb7 16. f4 Qc7 17. Nf3 a5 18. Kh1 b4 19. fxe5 dxe5 20. d5 bxc3 21. bxc3 Nc5 22. Bg5 Nfd7 23. Nf5 g6 24. Nh6+ Bxh6 25. Bxh6 Ba6 26. Rf1 f6 27. Nh2 Qd6 28. Ng4 Rab8 29. Ne3 Kh8 30. Qg4 Rg8 31. Qh4 Nd3 32. Rf3 Rb6 33. Raf1 g5 34. Qg4 Nf4 35. g3 Ng6 36. Nf5 Qc7 37. d6 Qc6 38. Rd1 Bc8 39. Qh5 Rb2 40. Ne7 Nxe7 41. dxe7 Qe6 42. Ba4 Qxe7 43. Bc6 Nc5 44. Rdf1 Bxh3 45. Rxf6 Bg2+ 46. Kg1 Nd3 47. Rf7 Qc5+ 48. R1f2 Bf3 49. Rxh7+ Kxh7 50. Qf7+ Kxh6 51. Qf6+ Kh7 52. Qf7+ Kh6 53. Qf6+ Kh7 54. Qf7+ Rg7 55. Qf5+ Rg6 56. Qh3+ Bh5 0-1

[Event "BCF-chT2a 1819 (4NCL)"]
[Site "England"]
[Date "2019.02.09"]
[Round "5.24"]
[White "Snape, Ian L"]
[Black "Hanley, James L"]
[Result "1/2-1/2"]
[WhiteElo "2170"]
[BlackElo "2199"]
[PlyCount "72"]
[EventDate "2018.11.10"]
[EventType "team-tourn"]
[EventRounds "11"]
[EventCountry "ENG"]
[SourceTitle "EXT 2021"]
[Source "ChessBase"]
[SourceDate "2020.10.23"]
[SourceVersion "1"]
[SourceVersionDate "2020.10.23"]
[SourceQuality "1"]
[WhiteTeam "The ADS"]
[BlackTeam "Warwicks Select"]
[WhiteTeamCountry "ENG"]
[BlackTeamCountry "ENG"]

1. d4 Nf6 2. c4 e6 3. Nf3 Bb4+ 4. Bd2 Be7 5. g3 b6 6. Bg2 Bb7 7. Nc3 0-0 8. 0-0 d6 9. Re1 Ne4 10. d5 Nxd2 11. Nxd2 e5 12. e4 Nd7 13. b4 g6 14. f4 exf4 15. gxf4 Bf6 16. Rc1 a5 17. a3 axb4 18. axb4 Bxc3 19. Rxc3 Qf6 20. Qf3 Ra2 21. Nb3 Re8 22. Qe3 Qh4 23. Qg3 Qxg3 24. hxg3 Ra4 25. Nd4 Rxb4 26. Nb5 Nf8 27. e5 dxe5 28. fxe5 Re7 29. Rcc1 Ba6 30. Bf1 Bxb5 31. cxb5 Rd4 32. Bg2 Kg7 33. Re2 Rb4 34. Bf1 Rd4 35. Bg2 Rb4 36. Bf1 Rd4 1/2-1/2

[Event "BCF-chT2a 1819 (4NCL)"]
[Site "England"]
[Date "2018.11.10"]
[Round "1.34"]
[White "Hanley, James L"]
[Black "Gallagher, Daniel GH"]
[Result "1/2-1/2"]
[WhiteElo "2229"]
[BlackElo "2267"]
[PlyCount "107"]
[EventDate "2018.11.10"]
[EventType "team-tourn"]
[EventRounds "11"]
[EventCountry "ENG"]
[SourceTitle "EXT 2021"]
[Source "ChessBase"]
[SourceDate "2020.10.23"]
[SourceVersion "1"]
[SourceVersionDate "2020.10.23"]
[SourceQuality "1"]
[WhiteTeam "Warwicks Select"]
[BlackTeam "Anglian Avengers"]
[WhiteTeamCountry "ENG"]
[BlackTeamCountry "ENG"]

1. e4 c5 2. Nf3 d6 3. c3 Nf6 4. g3 Nc6 5. d3 g6 6. Bg2 Bg7 7. 0-0 0-0 8. Re1 Bg4 9. h3 Bxf3 10. Bxf3 Rb8 11. Be3 b5 12. a3 a5 13. Bg2 b4 14. axb4 axb4 15. d4 bxc3 16. bxc3 cxd4 17. cxd4 e5 18. d5 Nd4 19. Nc3 Nd7 20. Ne2 Nc5 21. Ra3 Rb4 22. Bd2 Rb3 23. Rxb3 Ncxb3 24. Nxd4 Nxd4 25. Qa4 Qb6 26. Be3 Rc8 27. Ra1 h5 28. Qd7 Rd8 29. Qe7 Bf8 30. Qf6 Re8 31. Bxd4 exd4 32. Qf3 Bg7 33. Qd3 Rc8 34. Ra6 Qb4 35. Rc6 Ra8 36. Rc4 Ra1+ 37. Bf1 Qe1 38. Rc8+ Kh7 39. Kg2 h4 40. gxh4 Be5 41. Qe2 Qb1 42. Rc2 Ra3 43. Rd2 Qc1 44. h5 g5 45. Qd1 Qxd1 46. Rxd1 Kh6 47. Be2 d3 48. Bxd3 Kxh5 49. Be2+ Kg6 50. Bg4 Rc3 51. Rd2 Rc4 52. Bf5+ Kf6 53. Ra2 Bd4 54. Kf3 1/2-1/2

[Event "GBR-ch Atkins op 104th"]
[Site "Llandudno"]
[Date "2017.07.29"]
[Round "2"]
[White "Hanley, James L"]
[Black "Woodward, Tim F"]
[Result "1-0"]
[WhiteElo "2238"]
[BlackElo "1901"]
[PlyCount "93"]
[EventDate "2017.07.28"]
[EventType "swiss"]
[EventRounds "5"]
[EventCountry "WLS"]
[SourceTitle "EXT 2019"]
[Source "ChessBase"]
[SourceDate "2018.10.10"]
[SourceVersion "1"]
[SourceVersionDate "2018.10.10"]
[SourceQuality "1"]

1. e4 e5 2. Nf3 Nc6 3. Bb5 a6 4. Ba4 Nf6 5. 0-0 Be7 6. Re1 b5 7. Bb3 0-0 8. a4 b4 9. h3 d6 10. a5 Bd7 11. d3 Rb8 12. Nbd2 Qc8 13. Nc4 h6 14. Be3 Be6 15. Nfd2 Nh7 16. Ba4 Bd7 17. Nf3 f5 18. Bc1 Kh8 19. Ne3 Ng5 20. Nxg5 Bxg5 21. Bxc6 Bxc6 22. Nxf5 Bxc1 23. Qxc1 Qe6 24. Re3 Bd7 25. Rg3 Qf6 26. Rf3 Bxf5 27. Rxf5 Qh4 28. Rxf8+ Rxf8 29. Qd2 c5 30. c3 Rb8 31. Qe2 Qd8 32. c4 Qe7 33. Qg4 Rf8 34. g3 Qf6 35. Qe2 g6 36. b3 Kg7 37. Ra2 Rf7 38. h4 h5 39. Kg2 Rf8 40. Qe3 Rf7 41. f3 Rf8 42. Rf2 Qd8 43. Qg5 Qc7 44. f4 Rf7 45. f5 Qe7 46. Qxe7 Rxe7 47. f6+ 1-0

[Event "GBR-ch Atkins op 104th"]
[Site "Llandudno"]
[Date "2017.07.29"]
[Round "3"]
[White "Patrick, David A"]
[Black "Hanley, James L"]
[Result "0-1"]
[WhiteElo "1879"]
[BlackElo "2238"]
[PlyCount "58"]
[EventDate "2017.07.28"]
[EventType "swiss"]
[EventRounds "5"]
[EventCountry "WLS"]
[SourceTitle "EXT 2019"]
[Source "ChessBase"]
[SourceDate "2018.10.10"]
[SourceVersion "1"]
[SourceVersionDate "2018.10.10"]
[SourceQuality "1"]

1. e4 c5 2. c3 d5 3. exd5 Qxd5 4. d4 g6 5. Nf3 Bg7 6. dxc5 Qxc5 7. Be3 Qa5 8. Qb3 Nh6 9. Qb5+ Qxb5 10. Bxb5+ Bd7 11. Bxd7+ Nxd7 12. Na3 0-0 13. 0-0-0 Nf6 14. h3 Nf5 15. g4 Nxe3 16. fxe3 e6 17. g5 Ne4 18. Rd7 Nc5 19. Rd2 Rac8 20. Nb5 a6 21. Nbd4 Ne4 22. Rg2 Rfd8 23. h4 b5 24. Nd2 Nd6 25. h5 b4 26. Kc2 bxc3 27. bxc3 Rc7 28. hxg6 hxg6 29. Rb1 Nf5 0-1

[Event "GBR-ch 99th"]
[Site "North Shields"]
[Date "2012.08.02"]
[Round "10"]
[White "Hanley, James L"]
[Black "Maroroa, Sue Yuchan"]
[Result "1/2-1/2"]
[WhiteElo "2244"]
[BlackElo "2035"]
[PlyCount "140"]
[EventDate "2012.07.23"]
[EventType "swiss"]
[EventRounds "11"]
[EventCountry "ENG"]
[SourceTitle "CBM 149 Extra"]
[Source "ChessBase"]
[SourceDate "2012.08.24"]
[SourceVersion "1"]
[SourceVersionDate "2012.08.24"]
[SourceQuality "1"]

1. Nf3 Nf6 2. d4 e6 3. Bg5 h6 4. Bxf6 Qxf6 5. e4 d6 6. c4 e5 7. d5 Be7 8. Nbd2 0-0 9. g3 a5 10. Nh4 g6 11. Ng2 Nd7 12. Bd3 Nc5 13. Bc2 Bd7 14. 0-0 Bh3 15. a3 a4 16. Nb1 h5 17. Nc3 h4 18. Re1 Kg7 19. Re3 Rh8 20. g4 Bxg2 21. Kxg2 h3+ 22. Kg1 Qg5 23. Qe2 Rh4 24. Rg3 Qh6 25. Kh1 Bg5 26. Rag1 Qh8 27. Nb5 Qd8 28. Qf3 c6 29. Nc3 Qh8 30. Rd1 Bf4 31. dxc6 bxc6 32. Rxd6 Ne6 33. Ne2 Qb8 34. Rxc6 Qxb2 35. Qc3 Qxc3 36. Rxc3 Rxg4 37. Rxe6 fxe6 38. Rxh3 Rb8 39. Rc3 Rb2 40. c5 Bd2 41. Rc4 Ra2 42. Ng3 Rf4 43. Kg2 Be1 44. f3 Rxa3 45. c6 Rc3 46. Rxc3 Bxc3 47. Ne2 Rf8 48. Nxc3 a3 49. Na2 Rc8 50. Ba4 Kf7 51. Nc3 Ke7 52. Kg3 Kd6 53. Nb5+ Kc5 54. Nxa3 Kb4 55. Nb5 Kxa4 56. Nd6 Rc7 57. Nc4 Rxc6 58. Nxe5 Rc5 59. Nd7 Rg5+ 60. Kf4 Rh5 61. Nf8 Rxh2 62. Nxe6 Rg2 63. Ke5 Rg3 64. f4 Kb5 65. Kf6 Rg4 66. Nd4+ Kc4 67. Ne6 Kd3 68. e5 Kc4 69. Ke7 Kd5 70. Nc7+ Kc6 1/2-1/2

[Event "GBR-ch 99th"]
[Site "North Shields"]
[Date "2012.08.01"]
[Round "9"]
[White "Foster, James M"]
[Black "Hanley, James L"]
[Result "0-1"]
[WhiteElo "2037"]
[BlackElo "2244"]
[PlyCount "102"]
[EventDate "2012.07.23"]
[EventType "swiss"]
[EventRounds "11"]
[EventCountry "ENG"]
[SourceTitle "CBM 149 Extra"]
[Source "ChessBase"]
[SourceDate "2012.08.24"]
[SourceVersion "1"]
[SourceVersionDate "2012.08.24"]
[SourceQuality "1"]

1. e4 c5 2. Nf3 e6 3. Be2 Nc6 4. 0-0 Qc7 5. Nc3 a6 6. d4 cxd4 7. Nxd4 Nf6 8. Be3 Bb4 9. Na4 Be7 10. Bd3 Ne5 11. f3 d5 12. Nc3 dxe4 13. Nxe4 Nd5 14. Bf2 f5 15. Ng3 Bd7 16. Re1 Rd8 17. c3 0-0 18. Bc2 Bc8 19. Qe2 Bd6 20. Rad1 Nf4 21. Qd2 Nc4 22. Qc1 g6 23. Bb3 e5 24. Nc2 Be6 25. Ne3 b5 26. Qc2 Bc5 27. Ngf1 Rxd1 28. Rxd1 Qa7 29. Bxc4 bxc4 30. b4 Bb6 31. a4 a5 32. Rd6 Kf7 33. Rxb6 Qxb6 34. Nxc4 Qc7 35. Nxa5 Qxc3 36. Qd1 Nd3 37. Nb7 Nxf2 38. Kxf2 Qxb4 39. Nd8+ Kf6 40. Nxe6 Kxe6 41. Ne3 Qd4 42. Qb3+ Kf6 43. Ke2 Rd8 44. Qc2 e4 45. fxe4 Qxe4 46. Qb3 f4 47. Qb6+ Ke7 48. Qc5+ Rd6 49. Qc7+ Rd7 50. Qc5+ Ke8 51. Qc8+ Rd8 0-1

[Event "GBR-ch 99th"]
[Site "North Shields"]
[Date "2012.07.30"]
[Round "7"]
[White "Foo, William"]
[Black "Hanley, James L"]
[Result "1-0"]
[WhiteElo "2009"]
[BlackElo "2244"]
[PlyCount "73"]
[EventDate "2012.07.23"]
[EventType "swiss"]
[EventRounds "11"]
[EventCountry "ENG"]
[SourceTitle "CBM 149 Extra"]
[Source "ChessBase"]
[SourceDate "2012.08.24"]
[SourceVersion "1"]
[SourceVersionDate "2012.08.24"]
[SourceQuality "1"]

1. d4 Nf6 2. g3 g6 3. Bg2 Bg7 4. e4 d6 5. Ne2 h5 6. h3 c5 7. dxc5 Qa5+ 8. Nbc3 Qxc5 9. Be3 Qa5 10. Qd2 Nbd7 11. Bd4 Nb6 12. b3 e5 13. Bxb6 Qxb6 14. Rd1 Bf8 15. Na4 Qc7 16. c4 Bd7 17. Nac3 a6 18. f4 Qb6 19. Rf1 0-0-0 20. b4 exf4 21. Nxf4 Bc6 22. b5 Bxe4 23. Bxe4 Nxe4 24. Nfd5 Qc5 25. Nxe4 Re8 26. Qe2 Qa3 27. Rxf7 Bh6 28. bxa6 Qxa6 29. Rb1 Qa3 30. Rfxb7 Qa5+ 31. Kd1 Rxe4 32. Rb8+ Kd7 33. Nf6+ Ke7 34. Qxe4+ Kxf6 35. Qd4+ Kf7 36. R1b7+ Ke6 37. Qd5+ 1-0

[Event "Blackpool op 36th"]
[Site "Blackpool"]
[Date "2012.03.11"]
[Round "5"]
[White "Cherniaev, Alexander"]
[Black "Hanley, James L"]
[Result "0-1"]
[WhiteElo "2488"]
[BlackElo "2244"]
[PlyCount "159"]
[EventDate "2012.03.09"]
[EventType "swiss"]
[EventRounds "5"]
[EventCountry "ENG"]
[SourceTitle "CBM 147 Extra"]
[Source "ChessBase"]
[SourceDate "2012.04.24"]
[SourceVersion "1"]
[SourceVersionDate "2012.04.24"]
[SourceQuality "1"]

1. e4 c5 2. c3 d5 3. exd5 Qxd5 4. Nf3 g6 5. Na3 Bg7 6. Bc4 Qe4+ 7. Kf1 Nh6 8. Qa4+ Kf8 9. d3 Qf5 10. Bxh6 Bxh6 11. Re1 Bd7 12. Qd1 Nc6 13. h4 Rd8 14. Bb3 Qf6 15. Nd2 Bxd2 16. Qxd2 Bf5 17. Bc2 h5 18. Qe3 Kg7 19. Kg1 b6 20. Nc4 Rd7 21. Nd2 Rhd8 22. Ne4 Qe5 23. f3 Qc7 24. Bb1 f6 25. Kf2 Ne5 26. Rd1 Qc6 27. b3 Bxe4 28. Qxe4 Qxe4 29. fxe4 Nxd3+ 30. Ke3 Ne5 31. Rxd7 Rxd7 32. Ke2 Ng4 33. Rh3 Ne5 34. Bc2 b5 35. Rh1 a5 36. Rc1 Kf7 37. a3 Rd6 38. Ra1 Nc6 39. Bb1 Ke6 40. Bd3 b4 41. axb4 axb4 42. Ke3 Ne5 43. Be2 bxc3 44. Rc1 Rd4 45. Rxc3 Kd6 46. Rc1 Rb4 47. Bd1 Nc6 48. g3 Nd4 49. Rc3 Rb5 50. Kf4 Ra5 51. e5+ Kd5 52. exf6 exf6 53. Rd3 Rb5 54. Ke3 Rb4 55. Kf2 Ke5 56. Re3+ Kf5 57. Rc3 Rb5 58. Rc4 Ke5 59. Rc3 Ra5 60. Ke3 Kd5 61. Rd3 Ra3 62. Kf4 Ra1 63. Ke3 Ke5 64. Rc3 Nf5+ 65. Ke2 Ra2+ 66. Kf3 Kd4 67. Rc4+ Kd5 68. Rc3 Rd2 69. Rc1 Rd3+ 70. Kf2 Rxg3 71. Bf3+ Kd6 72. Rd1+ Kc7 73. Rd5 Rh3 74. Rxc5+ Kd7 75. b4 Rxh4 76. b5 Rb4 77. Rd5+ Kc7 78. Bxh5 Rb2+ 79. Kf3 Nh4+ 80. Kg3 0-1

[Event "Blackpool op 36th"]
[Site "Blackpool"]
[Date "2012.03.11"]
[Round "4"]
[White "Combie, Alexander"]
[Black "Hanley, James L"]
[Result "0-1"]
[WhiteElo "2039"]
[BlackElo "2244"]
[PlyCount "80"]
[EventDate "2012.03.09"]
[EventType "swiss"]
[EventRounds "5"]
[EventCountry "ENG"]
[SourceTitle "CBM 147 Extra"]
[Source "ChessBase"]
[SourceDate "2012.04.24"]
[SourceVersion "1"]
[SourceVersionDate "2012.04.24"]
[SourceQuality "1"]

1. d4 Nf6 2. c4 g6 3. Nc3 Bg7 4. e4 d6 5. Nf3 0-0 6. Be2 e5 7. d5 a5 8. Bg5 h6 9. Bh4 Na6 10. Nd2 Qe8 11. 0-0 Nh7 12. a3 f5 13. exf5 gxf5 14. f4 e4 15. Re1 Nc5 16. Nb3 b6 17. Nb5 Nxb3 18. Qxb3 Qf7 19. Nc3 Bd7 20. Qd1 Nf6 21. Bf2 Kh7 22. Bd4 Rg8 23. Kh1 Bh8 24. Rc1 Qg7 25. g3 Qf7 26. b4 axb4 27. axb4 Bg7 28. c5 bxc5 29. bxc5 dxc5 30. Bxc5 Rgd8 31. Bd4 Be8 32. Bxf6 Bxf6 33. Bb5 c6 34. Bf1 cxd5 35. Bb5 d4 36. Bxe8 Qxe8 37. Ne2 d3 38. Rc7+ Kh8 39. Ng1 d2 40. Rf1 Ra1 0-1

[Event "Gibraltar Challengers-B 10th"]
[Site "Caleta"]
[Date "2012.02.01"]
[Round "4"]
[White "Ranaivoharisoa, Alain"]
[Black "Hanley, James L"]
[Result "0-1"]
[WhiteElo "2135"]
[BlackElo "2247"]
[PlyCount "112"]
[EventDate "2012.01.28"]
[EventType "swiss"]
[EventRounds "5"]
[EventCountry "GGB"]
[SourceTitle "CBM 146 Extra"]
[Source "ChessBase"]
[SourceDate "2012.02.29"]
[SourceVersion "1"]
[SourceVersionDate "2012.02.29"]
[SourceQuality "1"]

1. e4 c5 2. Nc3 d6 3. f4 g6 4. Nf3 Bg7 5. Bb5+ Bd7 6. Bxd7+ Qxd7 7. 0-0 Nc6 8. d3 Nf6 9. Kh1 0-0 10. Be3 b6 11. d4 cxd4 12. Nxd4 Na5 13. Qd3 Rac8 14. Rae1 Rfd8 15. Nd5 Ng4 16. Bg1 e6 17. Nc3 Nc4 18. b3 Na3 19. h3 Nf6 20. Nb1 Nxb1 21. Rxb1 e5 22. Ne2 d5 23. fxe5 Nxe4 24. c4 Bxe5 25. Rbd1 f5 26. cxd5 Qd6 27. g4 Nc3 28. Rd2 fxg4 29. hxg4 Qxd5+ 30. Qxd5+ Rxd5 31. Rc2 Rc7 32. Nxc3 Rxc3 33. Rxc3 Bxc3 34. Kg2 Ra5 35. a4 Rd5 36. Rf3 Be5 37. Be3 Kg7 38. Kf2 Bd4 39. Bxd4+ Rxd4 40. Kg3 a6 41. Kh3 Rd1 42. Rc3 Kh6 43. Re3 Rh1+ 44. Kg3 Rb1 45. Kf4 Rf1+ 46. Kg3 Rd1 47. Kh4 Rh1+ 48. Kg3 Kg5 49. Re5+ Kf6 50. Rd5 Rg1+ 51. Kf3 Ke6 52. Rd8 Rb1 53. Rd3 Ke5 54. Kg3 Ke4 55. Rf3 Rg1+ 56. Kf2 Rf1+ 0-1

[Event "Gibraltar Challengers-B 10th"]
[Site "Caleta"]
[Date "2012.01.30"]
[Round "3"]
[White "Pendlebury, Ian G"]
[Black "Hanley, James L"]
[Result "0-1"]
[WhiteElo "2066"]
[BlackElo "2247"]
[PlyCount "68"]
[EventDate "2012.01.28"]
[EventType "swiss"]
[EventRounds "5"]
[EventCountry "GGB"]
[SourceTitle "CBM 146 Extra"]
[Source "ChessBase"]
[SourceDate "2012.02.29"]
[SourceVersion "1"]
[SourceVersionDate "2012.02.29"]
[SourceQuality "1"]

1. d4 Nf6 2. Nf3 g6 3. c3 Bg7 4. Bg5 d5 5. e3 Ne4 6. Bf4 Nd7 7. Nbd2 Ndf6 8. Nxe4 Nxe4 9. Nd2 Nxd2 10. Qxd2 c6 11. Bd3 Bf5 12. 0-0 0-0 13. Bxf5 gxf5 14. Bg5 Qd6 15. f4 b5 16. Rf3 a5 17. Raf1 b4 18. Rh3 bxc3 19. bxc3 a4 20. Qf2 f6 21. Qh4 Kf7 22. Qh5+ Ke6 23. Qxh7 Rg8 24. Bh6 Bxh6 25. Rxh6 Qa3 26. Rh5 Qxa2 27. Qxf5+ Kd6 28. Qh3 Qc2 29. c4 Qxc4 30. Qf3 a3 31. Qd1 a2 32. Qa1 Qe2 33. Rf2 Qxh5 34. Rxa2 Qf3 0-1

[Event "Gibraltar Challengers-A 10th"]
[Site "Caleta"]
[Date "2012.01.27"]
[Round "5"]
[White "Marder, Simon"]
[Black "Hanley, James L"]
[Result "1/2-1/2"]
[WhiteElo "2032"]
[BlackElo "2247"]
[PlyCount "48"]
[EventDate "2012.01.23"]
[EventType "swiss"]
[EventRounds "5"]
[EventCountry "GGB"]
[SourceTitle "CBM 146 Extra"]
[Source "ChessBase"]
[SourceDate "2012.02.29"]
[SourceVersion "1"]
[SourceVersionDate "2012.02.29"]
[SourceQuality "1"]

1. d4 Nf6 2. Nc3 d5 3. Bg5 Nbd7 4. f3 c5 5. e4 cxd4 6. Bxf6 gxf6 7. Qxd4 dxe4 8. 0-0-0 exf3 9. Nxf3 a6 10. Kb1 Qb6 11. Qh4 Bg7 12. Nd5 Qd8 13. Nf4 Qc7 14. Nh5 Bf8 15. Bd3 Nc5 16. Rhe1 Be6 17. Bc4 Rd8 18. Bxe6 Rxd1+ 19. Rxd1 Nxe6 20. a3 Qc6 21. Qg3 Qc7 22. Qh4 Qc6 23. Qg3 Qc7 24. Qh4 Qc6 1/2-1/2

[Event "Gibraltar Challengers-A 10th"]
[Site "Caleta"]
[Date "2012.01.25"]
[Round "3"]
[White "Hanley, James L"]
[Black "Suez Panama, Gilles"]
[Result "1-0"]
[WhiteElo "2247"]
[BlackElo "2034"]
[PlyCount "71"]
[EventDate "2012.01.23"]
[EventType "swiss"]
[EventRounds "5"]
[EventCountry "GGB"]
[SourceTitle "CBM 146 Extra"]
[Source "ChessBase"]
[SourceDate "2012.02.29"]
[SourceVersion "1"]
[SourceVersionDate "2012.02.29"]
[SourceQuality "1"]

1. e4 e6 2. d4 d5 3. Nd2 Nf6 4. e5 Nfd7 5. Bd3 c5 6. c3 Nc6 7. Ngf3 cxd4 8. cxd4 Qb6 9. 0-0 Nxd4 10. Nxd4 Qxd4 11. Nf3 Qb6 12. Qa4 Qb4 13. Qc2 Qc5 14. Qe2 Be7 15. Be3 Qa5 16. Rac1 0-0 17. a3 f6 18. Bd4 Qd8 19. exf6 Nxf6 20. Ng5 e5 21. Bxe5 Bd6 22. Bxf6 Qxf6 23. Nxh7 Qh6 24. g3 Rd8 25. h4 Bd7 26. Ng5 Rf8 27. Bh7+ Kh8 28. Bb1 Rae8 29. Qd3 Bc6 30. b4 a6 31. Rfe1 Re4 32. Nxe4 dxe4 33. Qe3 Bf4 34. gxf4 Rxf4 35. Rxc6 bxc6 36. Bxe4 1-0

[Event "GBR-ch 96th"]
[Site "Torquay"]
[Date "2009.07.28"]
[Round "2"]
[White "Hanley, James L"]
[Black "Griffiths, Ryan Rhys"]
[Result "0-1"]
[WhiteElo "2277"]
[BlackElo "2137"]
[PlyCount "78"]
[EventDate "2009.07.27"]
[EventType "swiss"]
[EventRounds "11"]
[EventCountry "ENG"]
[SourceTitle "CBM 131 Extra"]
[Source "ChessBase"]
[SourceDate "2009.09.03"]
[SourceVersion "2"]
[SourceVersionDate "2009.09.16"]
[SourceQuality "1"]

1. e4 c5 2. Nf3 d6 3. d4 cxd4 4. Nxd4 Nf6 5. Nc3 a6 6. Be2 e6 7. 0-0 Be7 8. f4 0-0 9. Kh1 Qc7 10. a4 Nc6 11. Nb3 b6 12. Be3 Rb8 13. Qd2 Na5 14. Nxa5 bxa5 15. Rab1 Bb7 16. Bd3 Rfd8 17. Qe2 d5 18. exd5 Nxd5 19. Nxd5 Bxd5 20. f5 exf5 21. Rxf5 Qc6 22. Rbf1 Rxb2 23. Bc1 Rb7 24. Rh5 g6 25. Rxd5 Rxd5 26. Be4 Qe6 27. Qf3 Rbd7 28. Bxd5 Qxd5 29. Qc3 Qf5 30. Qc8+ Bf8 31. Re1 Rd1 32. Qxf8+ Kxf8 33. Bh6+ Kg8 34. Rxd1 f6 35. c4 g5 36. h3 Qc8 37. Rd4 Kf7 38. h4 Qe6 39. hxg5 Qe1+ 0-1

[Event "GBR-ch 96th"]
[Site "Torquay"]
[Date "2009.07.27"]
[Round "1"]
[White "Trent, Lawrence"]
[Black "Hanley, James L"]
[Result "1-0"]
[WhiteElo "2471"]
[BlackElo "2277"]
[PlyCount "93"]
[EventDate "2009.07.27"]
[EventType "swiss"]
[EventRounds "11"]
[EventCountry "ENG"]
[SourceTitle "CBM 131 Extra"]
[Source "ChessBase"]
[SourceDate "2009.09.03"]
[SourceVersion "2"]
[SourceVersionDate "2009.09.16"]
[SourceQuality "1"]

1. e4 c5 2. Nf3 e6 3. Nc3 Nc6 4. d4 cxd4 5. Nxd4 Qc7 6. Be3 a6 7. Bd3 Nf6 8. 0-0 Ne5 9. h3 b5 10. f4 Nc4 11. Bxc4 Qxc4 12. e5 Nd5 13. Nxd5 Qxd5 14. Qe2 Bc5 15. Nb3 Bxe3+ 16. Qxe3 Bb7 17. Qg3 0-0 18. Rad1 Qc6 19. f5 exf5 20. Nd4 Qg6 21. Nxf5 Qxg3 22. Nxg3 Bc6 23. Nf5 Rae8 24. Rfe1 f6 25. exf6 Rxe1+ 26. Rxe1 Rxf6 27. g4 g6 28. Nd4 Kf7 29. c3 Rf4 30. a3 Kf6 31. Re8 Kg5 32. Re5+ Kh4 33. Nxc6 dxc6 34. Kg2 Rf6 35. Re7 h6 36. Re4 Rd6 37. Rd4 Re6 38. Rd2 a5 39. Rf2 a4 40. Rd2 Re3 41. Rd6 Re2+ 42. Kf3 Rxb2 43. Rxg6 Rb3 44. Rxh6+ Kg5 45. Rxc6 Rxa3 46. h4+ Kxh4 47. Rc5 1-0